000 00347nam a2200121Ia 4500
008 220204s9999 xx 000 0 und d
082 _a582.842.7
_bDEW
100 _aDEWILDE, W J J
245 0 _aMonograph of the genus Adenia forsk(Passifloraceae)
260 _aWageningen
_bVeenman& Zonen
_c1971
650 _aAdenia forsk morphology
942 _cBK
999 _c22247
_d22247